| 000 | 01353cam a22002651ia4500 | ||
|---|---|---|---|
| 003 | SA-RiAUC | ||
| 005 | 20250801161738.0 | ||
| 008 | 250730q19001999su g f000 0 ara c | ||
| 040 |
_aSA-JeALM _bara _cSA-RiAUC _erda |
||
| 050 | 4 | _bA37 1980z | |
| 082 | 0 | 4 |
_a251.6 _qSA-RiAUC |
| 090 |
_a251.6 _bم ق ر |
||
| 100 | 1 |
_aالمقري، محمد بن محمد بن أحمد، _dتوفي 758 هجري _eمؤلف. |
|
| 245 | 1 | 2 |
_aالقواعد / _cتأليف أبي عبد الله محمد بن محمد بن أحمد المقري ؛ تحقيق ودراسة أحمد بن عبد الله بن حميد. |
| 264 | 1 |
_aمكة المكرمة : _bجامعة أم القرى، معهد البحوث العلمية وإحياء التراث الإسلامي، _c[بين 1900 و1999] |
|
| 300 |
_a2 جزء في مجلد واحد. _bتجليد خاص. _c24 سم |
||
| 336 |
_aنص _btxt _2rdacontent _3كتاب |
||
| 337 |
_aبدون وسيط _bn _2rdamedia |
||
| 338 |
_aمجلد _bnc _2rdacarrier |
||
| 500 | _aاهداء من المحقق احمد بن عبدالله بن حميد الى الشيخ رحمه الله بتاريخ 8 / 3 / 1409 هـ | ||
| 650 | 7 |
_aالقواعد الفقهية _2aucsh |
|
| 700 | 1 |
_aابن حميد، أحمد بن عبد الله _eمحقق. |
|
| 942 |
_2ddc _cBOOK _n0 |
||
| 949 |
_aSA-JeALM _d250730 _uosman123 _n1 |
||
| 999 |
_c10440 _d10440 |
||